Lekárske preventívne prehliadky zamestnancov v zákone o dani z príjmov

Zebezpečenie vykonávania zdravotného dohľadu a legislatívna úprava v osobnitných predpisoch. Preventívne lekárske prehliadky v čase krízovej situácie. Lekárska preventívna prehliadka v ZDP. Lekárske preventívne prehliadky poskytnuté zo sociálneho fondu.

Salvato in:
Dettagli Bibliografici
Autore principale: Vanková, Lucia
Natura: Capitolo di libro
Lingua:slovacco
Soggetti:
Tags: Aggiungi Tag
Nessun Tag, puoi essere il primo ad aggiungerne!!

MARC

LEADER 00000naa a2200000 4500
001 0276559
005 20210623123511.8
041 0 |a slo 
044 |a SK 
245 1 0 |a Lekárske preventívne prehliadky zamestnancov v zákone o dani z príjmov  |c Lucia Vanková 
520 |a Zebezpečenie vykonávania zdravotného dohľadu a legislatívna úprava v osobnitných predpisoch. Preventívne lekárske prehliadky v čase krízovej situácie. Lekárska preventívna prehliadka v ZDP. Lekárske preventívne prehliadky poskytnuté zo sociálneho fondu. 
610 2 0 |a starostlivosť o zdravie 
610 2 0 |a starostlivosť zdravotná 
610 2 0 |a lekári 
610 2 0 |a zamestnanci 
610 2 0 |a dane z príjmov 
610 2 0 |a fond sociálny 
610 2 0 |a legislatíva 
100 1 |a Vanková, Lucia